[Event "Regionalliga NO 1213"]
[Site "Bayern"]
[Date "2012.11.25"]
[Round "3.4"]
[White "Franz, Gerhard"]
[Black "Merkert, Maximilian"]
[Result "0-1"]
[WhiteElo "2005"]
[BlackElo "2173"]
[PlyCount "74"]
[EventDate "2012.10.14"]
[EventType "team-tourn"]
[EventRounds "9"]
[EventCountry "GER"]
[SourceTitle "EXT 2015"]
[Source "ChessBase"]
[SourceDate "2014.11.20"]
[SourceVersion "1"]
[SourceVersionDate "2014.11.20"]
[SourceQuality "1"]
[WhiteTeam "Amberg Siemens"]
[BlackTeam "Erlangen"]
[WhiteTeamCountry "GER"]
[BlackTeamCountry "GER"]

1. d4 f5 2. c4 Nf6 3. Nc3 d6 4. g3 g6 5. Bg2 Bg7 6. Nf3 0-0 7. 0-0 Qe8 8. d5 a5 9. Nb5 Na6 10. a3 Bd7 11. Nbd4 a4 12. Ng5 Nc5 13. Rb1 Rb8 14. Re1 h6 15. Nge6 Bxe6 16. Nxe6 Nxe6 17. dxe6 b5 18. cxb5 Qxb5 19. Bd2 c5 20. Bc3 Ng4 21. e4 Bxc3 22. bxc3 Qc4 23. Rxb8 Rxb8 24. exf5 gxf5 25. h3 Ne5 26. f4 Ng6 27. Qh5 Kh7 28. Qxf5 Qxc3 29. Rf1 Rf8 30. Qb1 Kg7 31. f5 Ne5 32. Qb7 Kf6 33. Kh2 Rg8 34. g4 h5 35. Qe4 hxg4 36. Qf4 Rh8 37. Rg1 Rxh3+ 0-1

[Event "Oberliga Sued W 0809"]
[Site "Germany"]
[Date "2009.03.01"]
[Round "7.6"]
[White "Merkert, Maximilian"]
[Black "Sievers, Andy"]
[Result "1/2-1/2"]
[WhiteElo "2102"]
[BlackElo "1920"]
[PlyCount "147"]
[EventDate "2008.10.05"]
[EventType "team-tourn"]
[EventRounds "11"]
[EventCountry "GER"]
[SourceTitle "EXT 2012"]
[Source "ChessBase"]
[SourceDate "2011.11.24"]
[SourceVersion "1"]
[SourceVersionDate "2011.11.24"]
[SourceQuality "1"]
[WhiteTeam "Kaiserslautern"]
[BlackTeam "Bann"]
[WhiteTeamCountry "GER"]
[BlackTeamCountry "GER"]

1. e4 c5 2. Nf3 e6 3. d4 cxd4 4. Nxd4 Nf6 5. Nc3 Bb4 6. e5 Nd5 7. Bd2 Nxc3 8. bxc3 Be7 9. Qg4 0-0 10. Bh6 g6 11. Bxf8 Bxf8 12. f4 d6 13. Bd3 dxe5 14. fxe5 Nd7 15. Qe2 Qa5 16. 0-0 Qxc3 17. Nf3 Bg7 18. Rae1 Qc5+ 19. Kh1 b6 20. Ng5 Nxe5 21. Nxf7 Nxd3 22. cxd3 Qd5 23. Ng5 Ba6 24. Qxe6+ Qxe6 25. Nxe6 Bxd3 26. Rf3 Bc4 27. Nxg7 Kxg7 28. Re7+ Kg8 29. a3 a5 30. Rc3 Rf8 31. h4 b5 32. Ra7 a4 33. Kh2 Rf7 34. Rxf7 Kxf7 35. Re3 Kf6 36. Kg3 Kf5 37. Kf2 g5 38. Rf3+ Kg4 39. hxg5 Kxg5 40. g3 h5 41. Rf4 Be6 42. Ke3 Bg4 43. Rd4 Be6 44. Ke4 Bc4 45. Ke5 Bb3 46. Rf4 Bc4 47. Ke4 Be2 48. Kd4 Bc4 49. Kc5 Be2 50. Kb4 Bc4 51. Rd4 Be2 52. Kc3 Bc4 53. Kd2 Kf5 54. Ke3 Kg5 55. Kf3 Kf5 56. Rf4+ Kg5 57. Ke4 Be2 58. Ke5 Bc4 59. Rd4 Be2 60. Ke4 Bc4 61. Rd7 Be2 62. Rg7+ Kf6 63. Rg8 Bc4 64. Rd8 Kg5 65. Rd7 Be2 66. Ke3 Bc4 67. Kf3 Kf5 68. Rc7 Bd5+ 69. Ke3 Bc4 70. Rc5+ Kg4 71. Kf2 Bd3 72. Re5 Bc4 73. Ke3 Bf1 74. Kf2 1/2-1/2